<?xml version="1.0" encoding="utf-8"?>
<?xml-stylesheet type='text/xsl' href='./oai2.xsl'?>
<OAI-PMH xmlns="http://www.openarchives.org/OAI/2.0/" xmlns:xsi="http://www.w3.org/2001/XMLSchema-instance" xsi:schemaLocation="http://www.openarchives.org/OAI/2.0/ http://www.openarchives.org/OAI/2.0/OAI-PMH.xsd">
  <responseDate>2026-05-16T01:21:13Z</responseDate>
  <request verb="GetRecord" metadataPrefix="marcxml" identifier="record_kuniweb_945832">https://kulturerbe.niedersachsen.de/oai</request>
  <GetRecord>
    <record>
      <header>
        <identifier>record_kuniweb_945832</identifier>
        <datestamp>2026-03-31T19:09:18Z</datestamp>
        <setSpec>slg0185</setSpec>
      </header>
      <metadata>
        <marc:record xmlns:marc="http://www.loc.gov/MARC21/slim" xsi:schemaLocation="http://www.loc.gov/MARC21/slim http://www.loc.gov/standards/marcxml/schema/MARC21slim.xsd">
          <marc:leader>12345nrm  22     uu 4500</marc:leader>
          <marc:controlfield tag="001">945832</marc:controlfield>
          <marc:controlfield tag="003">http://kuniweb.gbv.de</marc:controlfield>
          <marc:controlfield tag="005">2022-12-05T12:16:43</marc:controlfield>
          <marc:controlfield tag="008">|           ||||||||||||||||||||||</marc:controlfield>
          <marc:datafield tag="245" ind1="1" ind2="0">
            <marc:subfield code="a">Inschriftentafel der Tischlerinnung</marc:subfield>
          </marc:datafield>
          <marc:datafield tag="655" ind1=" " ind2="7">
            <marc:subfield code="a">Skulptur</marc:subfield>
          </marc:datafield>
          <marc:datafield tag="046" ind1=" " ind2=" ">
            <marc:subfield code="k">1554</marc:subfield>
            <marc:subfield code="k">Oktober 1554, 1678 renoviert</marc:subfield>
          </marc:datafield>
          <marc:datafield tag="260" ind1=" " ind2=" ">
            <marc:subfield code="g">1554</marc:subfield>
            <marc:subfield code="g">Oktober 1554, 1678 renoviert</marc:subfield>
          </marc:datafield>
          <marc:datafield tag="300" ind1=" " ind2=" ">
            <marc:subfield code="a">Höhe: 49 cm
Breite: 82 cm
Tiefe: 2,5 cm</marc:subfield>
          </marc:datafield>
          <marc:datafield tag="520" ind1=" " ind2=" ">
            <marc:subfield code="a">Querrechteckige Inschriftentafel, zentral aufgesetzt ein Wappenschild mit dem Werkzeug der Tischler: oben Zirkel und Winkelmaß, darunter Hobel. Die Tafel ist an den Seiten und unten von durchbrochen gearbeiteten Rollwerkornamenten umgeben, unten eingebunden ein querovales Inschriftenfeld mit Hinweis auf die Renovierung 1678.
Auf der Rückseite werden sechs geschworene Meister aufgeführt, unter deren Ägide die Maßnahme durchgeführt wurde. (SMBS)

Inschrift:
"ALLE DVSSE [...] ARBEIT THO / DVSSER PRICH [...] EN HEFT / DAT GANTZE [...] DISKERHAND / WARCK DEM [...] RADE VNDE / DEM GEMENE [...] BESTEN THO / EINER VORERIN [...] GEMACHT AM / MANTE OCTOBER [...] 1554" (in erhabener, Gold gefasster Capitalis, im Hauptfeld)

Inschrift:
"RENOVATUM / 1678." (in Gold auf schwarzem Grund, ovales Feld unter dem Hauptfeld)

Aufschrift:
"geschworen Meisters / Ludewig Körner / Hinrich Scharman / Hanß Weber / Berendt Holland / Hans Unverzagt / Jurgen Wichman" (weiß auf Schwarz, auf der Rückseite)

Inschrift:
"Stadt Braunschweig [Löwensignet] Städt. Museum" (Stempel in Schwarz, Rückseite)

Gebrauchsort:
Braunschweig (Niedersachsen)

Beschrieben in:
- Sammlung Sack, Nr. 13, Teil 1, p. 165 (Zeichnung). - Schmidt, Brüdernkirche, Sp. 742. - Schiller, Brüdernkirche, S. 172. - Schiller, Architectur, S. 155. - Schröder / Aßmann, Stadt Braunschweig, 2. Abt., S. 18f. - Fuhse, Handwerksaltertümer, S. 230. - Mack, Bildzyklen, S. 9.

Beschrieben in:
M. J. Hartgen, T. Henke, H. Pöppelmann, und D. Rammler, „St. Ulrici-Brüdern Von der Klosterkirche der Franziskaner zur lutherischen Pfarrkirche“, Kleine Reihe des Braunschweigischen Landesmuseums, Bd. Bd. 10. Sandstein Verlag, Dresden, 2017. (S. 72, Nr. 8.)</marc:subfield>
          </marc:datafield>
          <marc:datafield tag="650" ind1="1" ind2=" ">
            <marc:subfield code="a">Architektur &gt; Brüstung</marc:subfield>
          </marc:datafield>
          <marc:datafield tag="650" ind1="1" ind2=" ">
            <marc:subfield code="a">Bildwerk &gt; Gedenktafel</marc:subfield>
          </marc:datafield>
          <marc:datafield tag="650" ind1="1" ind2=" ">
            <marc:subfield code="a">Skulpturen</marc:subfield>
          </marc:datafield>
          <marc:datafield tag="650" ind1="1" ind2=" ">
            <marc:subfield code="a">Kirchengestühl</marc:subfield>
          </marc:datafield>
          <marc:datafield tag="773" ind1="0" ind2=" ">
            <marc:subfield code="t">Sammlung Skulptur und Baufragmente</marc:subfield>
          </marc:datafield>
          <marc:datafield tag="852" ind1=" " ind2=" ">
            <marc:subfield code="a">Städtisches Museum Braunschweig</marc:subfield>
          </marc:datafield>
          <marc:datafield tag="" ind1=" " ind2=" ">
            <marc:subfield code="a">Namensnennung - Nicht kommerziell - Keine Bearbeitungen 4.0 International (CC BY-NC-ND 4.0)</marc:subfield>
          </marc:datafield>
        </marc:record>
      </metadata>
    </record>
  </GetRecord>
</OAI-PMH>
